01881nam a2200397Ia 4500001001200000003000800012006001900020007001500039008004100054010001700095020003900112020003600151040002100187035002100208050002500229111005800254245016200312260005600474300003100530500009600561504006400657533015200721650005700873650006200930650005500992650004401047650005701091651003601148651004101184651005301225655002901278700001801307710001701325856012601342999001501468ebr10275532CaPaEBRm u cr cn|||||||||080208s2008 utuab sb 101 0 eng d z 2008005508 z9780874809251 (cloth : alk. paper) z0874809258 (cloth : alk. paper) aCaPaEBRcCaPaEBR a(OCoLC)50344132014aE78.N65bS325 2004eb2 aSalmon Working Conferenced(2004 :cFarmington, N.M.)10aChaco's northern prodigiesh[electronic resource] :bSalmon, Aztec, and the ascendancy of the middle San Juan region after AD 1100 /cedited by Paul F. Reed. aSalt Lake City :bUniversity of Utah Press,cc2008. axiv, 441 p. :bill., maps. aProceedings of the Salmon Working Conference held in Farmington, New Mexico, in April 2004. aIncludes bibliographical references (p. 389-427) and index. aElectronic reproduction.bPalo Alto, Calif. :cebrary,d2009.nAvailable via World Wide Web.nAccess may be limited to ebrary affiliated libraries. 0aPueblo IndianszNew MexicoxAntiquitiesvCongresses. 0aPueblo IndiansxMaterial culturezNew MexicovCongresses. 0aExcavations (Archaeology)zNew MexicovCongresses. 0aPueblo potteryzNew MexicovCongresses. 0aPlant remains (Archaeology)zNew MexicovCongresses. 0aSalmon Site (N.M.)vCongresses. 0aAztec Ruins National Monument (N.M.) 0aSan Juan River Valley (Colo.-Utah)xAntiquities. 7aElectronic books.2local1 aReed, Paul F.2 aebrary, Inc.40uhttp://site.ebrary.com/lib/rucke/Doc?id=10275532zAn electronic book accessible through the World Wide Web; click to view c5996d5996